|
|
|
|
| LEADER |
02178nam a2200625 i 4500 |
| 001 |
nkc20253710185 |
| 003 |
CZ PrNK |
| 005 |
20260107091341.0 |
| 007 |
ta |
| 008 |
250925s2025 xr abche 000 0dcze |
| 015 |
|
|
|a cnb003710185
|
| 020 |
|
|
|a 978-80-906604-3-4
|q (brožováno)
|
| 035 |
|
|
|a (OCoLC)1572321784
|
| 040 |
|
|
|a BOA001
|b cze
|d OLA001
|e rda
|
| 041 |
1 |
|
|a cze
|a eng
|h cze
|
| 043 |
|
|
|a e-xr---
|
| 045 |
|
|
|a y2y2
|
| 072 |
|
7 |
|a 797
|x Vodní sporty. Letecké sporty
|2 Konspekt
|9 20
|
| 080 |
|
|
|a 797.55.071.2
|2 MRF
|
| 080 |
|
|
|a 797.55
|2 MRF
|
| 080 |
|
|
|a 910.3/.4:656.7
|2 MRF
|
| 080 |
|
|
|a (437.3)
|2 MRF
|
| 080 |
|
|
|a (0:82-992)
|2 MRF
|
| 100 |
1 |
|
|a Pruša, Jiří
|7 mzk2002160624
|4 aut
|4 pht
|
| 245 |
1 |
0 |
|a Na limit =
|b To the limit /
|c Jiří Pruša
|
| 246 |
3 |
1 |
|a To the limit
|
| 264 |
|
1 |
|a Praha :
|b Galileo Training s.r.o. - Flying Revue,
|c 2025
|
| 300 |
|
|
|a 183 stran :
|b barevné ilustrace, mapy, portréty, faksimile ;
|c 30 cm
|
| 336 |
|
|
|a text
|b txt
|2 rdacontent
|
| 336 |
|
|
|a statický obraz
|b sti
|2 rdacontent
|
| 337 |
|
|
|a bez média
|b n
|2 rdamedia
|
| 338 |
|
|
|a svazek
|b nc
|2 rdacarrier
|
| 490 |
1 |
|
|a Flying revue
|
| 546 |
|
|
|a Souběžný anglický text
|
| 600 |
1 |
7 |
|a Pruša, Jiří
|7 mzk2002160624
|2 czenas
|
| 648 |
|
4 |
|a 2022-2025
|
| 648 |
|
7 |
|a 2021-2030
|7 ch1094457
|2 czenas
|
| 648 |
|
7 |
|a 20.-21. století
|7 ch462155
|2 czenas
|
| 650 |
0 |
7 |
|a sportovní letci
|7 ph293190
|z Česko
|y 20.-21. století
|2 czenas
|
| 650 |
0 |
7 |
|a sportovní létání
|7 ph125951
|y 2021-2030
|2 czenas
|
| 650 |
0 |
7 |
|a letecké expedice
|7 ph1257871
|y 2021-2030
|2 czenas
|
| 650 |
0 |
9 |
|a sports pilots
|z Czechia
|y 20th-21st centuries
|2 eczenas
|
| 650 |
0 |
9 |
|a sports aviation
|y 2021-2030
|2 eczenas
|
| 650 |
0 |
9 |
|a aviation expeditions
|y 2021-2030
|2 eczenas
|
| 655 |
|
7 |
|a cestopisy
|7 fd131956
|2 czenas
|
| 655 |
|
9 |
|a books of travels
|2 eczenas
|
| 700 |
1 |
2 |
|a Pruša, Jiří.
|t Na limit
|
| 700 |
1 |
2 |
|a Pruša, Jiří.
|t Na limit.
|l Anglicky
|
| 830 |
|
0 |
|a Flying revue
|0 s
|
| 910 |
2 |
|
|a BOA001
|b 4-1552.868
|
| 928 |
9 |
|
|a Flying Revue
|
| 990 |
|
|
|a BK
|
| 995 |
|
|
|a 01
|
| 991 |
|
|
|b 202512
|c NOV
|
| 996 |
6 |
|
|b 2611018844
|c 4-1552.868
|l MZK
|r Sklad / do 1 hodiny
|n 0
|p p.v.
|w 002026157
|u 000010
|a 1
|e BOA001
|j MZK50
|s P
|